000 00765nam a2200253Ia 4500
003 OSt
005 20220927111635.0
006 a|||||r|||| 00| 0
007 ta
008 220926b |||||||| |||| 00| 0 eng d
024 _a101078
037 _cReports
040 _aRTL
_cRTL
_beng
041 _2eng
_aeng
082 _a"X9(KZ:1).6.N9, N3"
110 _aUnited Nations Industrial Development Organization
245 0 _aRegional consultation on animal feed and related i
260 _aAustria
_bUnited Nations
_c1993
300 _a21p.
_ccm.
650 _aAnimal Husbandry Industry
700 _aUnited Nations Industrial Development Organization
942 _h"X9(KZ:1).6.N9, N3"
_cCC
999 _c699311
_d699311